| 000 | 00356nam a2200109Ia 4500 | ||
|---|---|---|---|
| 008 | 160531s9999 xx 000 0 und d | ||
| 100 | _aHansen, J. | ||
| 245 | _aEarth's Energy Imbalance and Implications | ||
| 245 | _cby J. Hansen, M. Sato, P. Kharecha, K. von Schuckmann | ||
| 260 | _c2011 | ||
| 856 | _uhttps://arxiv.org/ftp/arxiv/papers/1105/1105.1140.pdf | ||
| 999 |
_c295100 _d295100 |
||